[Event "Buenos Aires"]
[Site "Buenos Aires"]
[Date "2008.10.05"]
[Round "8"]
[White "Granara Barreto, Sebastian A"]
[Black "Cubas, Jose Fernando"]
[Result "0-1"]
[WhiteElo "2260"]
[BlackElo "2433"]
[PlyCount "58"]
[EventDate "2008.09.28"]
[EventType "tourn"]
[EventRounds "9"]
[EventCountry "ARG"]
[EventCategory "3"]
[SourceTitle "EXT 2011"]
[Source "ChessBase"]
[SourceDate "2010.11.26"]
[SourceVersion "1"]
[SourceVersionDate "2010.11.26"]
[SourceQuality "1"]

1. d4 c5 2. d5 e5 3. c4 d6 4. Nc3 Be7 5. e4 Nf6 6. g3 O-O 7. Bg2 Nbd7 8. Nge2
a6 9. a4 Ne8 10. O-O g6 11. Bh6 Ng7 12. Nc1 f5 13. Nd3 Bg5 14. Bxg7 Kxg7 15. f4
exf4 16. gxf4 Bf6 17. Qd2 Bd4+ 18. Kh1 Qf6 19. Rac1 Bxc3 20. Qxc3 Qxc3 21. Rxc3
fxe4 22. Nf2 Nf6 23. Nxe4 Nxe4 24. Bxe4 b5 25. h4 Bd7 26. h5 Rae8 27. Bb1 bxc4
28. hxg6 hxg6 29. Rg3 Bf5 0-1

[Event "Buenos Aires"]
[Site "Buenos Aires"]
[Date "2008.10.06"]
[Round "9"]
[White "Cubas, Jose Fernando"]
[Black "Real de Azua, Ernesto"]
[Result "1/2-1/2"]
[WhiteElo "2433"]
[BlackElo "2413"]
[PlyCount "54"]
[EventDate "2008.09.28"]
[EventType "tourn"]
[EventRounds "9"]
[EventCountry "ARG"]
[EventCategory "3"]
[SourceTitle "EXT 2011"]
[Source "ChessBase"]
[SourceDate "2010.11.26"]
[SourceVersion "1"]
[SourceVersionDate "2010.11.26"]
[SourceQuality "1"]

1. e4 c5 2. Nf3 d6 3. d4 cxd4 4. Nxd4 Nf6 5. Nc3 Nc6 6. f3 e5 7. Nb3 Be7 8. Be3
O-O 9. Qd2 a5 10. Bb5 Be6 11. Qf2 d5 12. exd5 Nxd5 13. Rd1 a4 14. Bxa4 Ncb4 15.
Nxd5 Nxd5 16. c4 Bb4+ 17. Bd2 Nf4 18. Bxb4 Nd3+ 19. Rxd3 Qxd3 20. Na5 Qb1+ 21.
Bd1 Rfd8 22. Qc2 Rxd1+ 23. Qxd1 Qxb2 24. Bd2 Rd8 25. Qc1 Qxa2 26. Qc3 e4 27.
Nb3 b5 1/2-1/2

[Event "Villa Martelli Pro Am op 15th"]
[Site "Villa Martelli"]
[Date "2008.10.10"]
[Round "1"]
[White "Mirada, Luciano"]
[Black "Cubas, Jose Fernando"]
[Result "0-1"]
[WhiteElo "1755"]
[BlackElo "2433"]
[PlyCount "70"]
[EventDate "2008.10.10"]
[EventType "swiss"]
[EventRounds "9"]
[EventCountry "ARG"]
[SourceTitle "CBM 126 Extra"]
[Source "ChessBase"]
[SourceDate "2008.11.05"]
[SourceVersion "1"]
[SourceVersionDate "2008.11.05"]
[SourceQuality "1"]

1. e4 e6 2. d4 d5 3. Nc3 Nf6 4. Bg5 Be7 5. e5 Nfd7 6. h4 Bxg5 7. hxg5 Qxg5 8.
Nh3 Qe7 9. Qg4 g6 10. O-O-O Nb6 11. Rd3 Nc6 12. Rf3 h5 13. Qf4 Bd7 14. Bb5 Na5
15. Qf6 Qxf6 16. Rxf6 a6 17. Bd3 Ke7 18. Ng5 Raf8 19. Rh3 Nc6 20. Ne2 Be8 21.
Rhf3 Nd7 22. R6f4 Ncxe5 23. dxe5 Nxe5 24. Rh3 f6 25. Nf3 Nxd3+ 26. cxd3 g5 27.
Nxg5 fxg5 28. Rxf8 Rxf8 29. f3 g4 30. fxg4 hxg4 31. Rh7+ Rf7 32. Rxf7+ Bxf7 33.
Kd2 e5 34. Ke3 d4+ 35. Kf2 Bxa2 0-1

[Event "Villa Martelli Pro Am op 15th"]
[Site "Villa Martelli"]
[Date "2008.10.11"]
[Round "2"]
[White "Cubas, Jose Fernando"]
[Black "Daneri, Martin"]
[Result "1-0"]
[WhiteElo "2433"]
[BlackElo "2174"]
[PlyCount "41"]
[EventDate "2008.10.10"]
[EventType "swiss"]
[EventRounds "9"]
[EventCountry "ARG"]
[SourceTitle "CBM 126 Extra"]
[Source "ChessBase"]
[SourceDate "2008.11.05"]
[SourceVersion "1"]
[SourceVersionDate "2008.11.05"]
[SourceQuality "1"]

1. e4 e5 2. Nf3 d6 3. d4 exd4 4. Nxd4 Nf6 5. Nc3 Be7 6. f3 d5 7. e5 Nfd7 8. f4
Nb6 9. Be2 c5 10. Nb3 O-O 11. O-O a5 12. f5 Nc6 13. f6 gxf6 14. exf6 Bxf6 15.
Bh6 Re8 16. Bh5 a4 17. Bxf7+ Kxf7 18. Qh5+ Ke7 19. Rxf6 Kxf6 20. Rf1+ Ke6 21.
Qf5+ 1-0

[Event "Villa Martelli Pro Am op 15th"]
[Site "Villa Martelli"]
[Date "2008.10.12"]
[Round "3"]
[White "Di Benedetto, Guillermo"]
[Black "Cubas, Jose Fernando"]
[Result "0-1"]
[WhiteElo "2312"]
[BlackElo "2433"]
[PlyCount "65"]
[EventDate "2008.10.10"]
[EventType "swiss"]
[EventRounds "9"]
[EventCountry "ARG"]
[SourceTitle "CBM 126 Extra"]
[Source "ChessBase"]
[SourceDate "2008.11.05"]
[SourceVersion "1"]
[SourceVersionDate "2008.11.05"]
[SourceQuality "1"]

1. d4 d5 2. c4 c6 3. Nf3 Nf6 4. Nc3 dxc4 5. a4 Bf5 6. e3 e6 7. Bxc4 Bb4 8. O-O
Nbd7 9. Qe2 Bg4 10. Rd1 O-O 11. h3 Bxf3 12. Qxf3 Rc8 13. e4 e5 14. Bg5 Qa5 15.
Ne2 exd4 16. Bxf6 Nxf6 17. Rxd4 Rce8 18. Ng3 Qe5 19. Rad1 Bc5 20. R4d2 g6 21.
Qc3 Qxc3 22. bxc3 h5 23. Bd3 h4 24. Ne2 Nxe4 25. Bxe4 Rxe4 26. a5 Ra4 27. Rd7
Rb8 28. Nd4 Rxa5 29. Nb3 Rb5 30. Nxc5 Rxc5 31. Rc7 b5 32. Rxa7 Rxc3 33. Rd2 0-1

[Event "Villa Martelli Pro Am op 15th"]
[Site "Villa Martelli"]
[Date "2008.10.13"]
[Round "4"]
[White "Cubas, Jose Fernando"]
[Black "Gibson, Tomas"]
[Result "1-0"]
[WhiteElo "2433"]
[BlackElo "2252"]
[PlyCount "61"]
[EventDate "2008.10.10"]
[EventType "swiss"]
[EventRounds "9"]
[EventCountry "ARG"]
[SourceTitle "CBM 126 Extra"]
[Source "ChessBase"]
[SourceDate "2008.11.05"]
[SourceVersion "1"]
[SourceVersionDate "2008.11.05"]
[SourceQuality "1"]

1. d4 d5 2. c4 c6 3. Nc3 dxc4 4. a4 e5 5. dxe5 Qxd1+ 6. Nxd1 Be6 7. e4 Na6 8.
Nf3 Nb4 9. Ne3 Bc5 10. Bd2 Rd8 11. Be2 Ne7 12. O-O Nd3 13. Bxd3 cxd3 14. Rfc1
Bb6 15. Ra3 O-O 16. Rcc3 Ng6 17. Rxd3 Nf4 18. Rxd8 Rxd8 19. Ra1 Nd3 20. a5 Bc5
21. Bc3 Bxe3 22. fxe3 Nc5 23. Nd2 Nb3 24. Nxb3 Bxb3 25. Bd4 Bc2 26. Rf1 b6 27.
axb6 axb6 28. Bxb6 Rb8 29. Bd4 Bxe4 30. Ra1 c5 31. Bc3 1-0

[Event "Villa Martelli Pro Am op 15th"]
[Site "Villa Martelli"]
[Date "2008.10.14"]
[Round "5"]
[White "Cubas, Jose Fernando"]
[Black "Mareco, Sandro"]
[Result "1/2-1/2"]
[WhiteElo "2433"]
[BlackElo "2481"]
[PlyCount "57"]
[EventDate "2008.10.10"]
[EventType "swiss"]
[EventRounds "9"]
[EventCountry "ARG"]
[SourceTitle "CBM 126 Extra"]
[Source "ChessBase"]
[SourceDate "2008.11.05"]
[SourceVersion "1"]
[SourceVersionDate "2008.11.05"]
[SourceQuality "1"]

1. e4 e5 2. Nf3 Nc6 3. Bc4 Bc5 4. d3 Nf6 5. Nc3 d6 6. Bg5 h6 7. Bxf6 Qxf6 8.
Nd5 Qd8 9. c3 a6 10. d4 exd4 11. cxd4 Ba7 12. h3 O-O 13. O-O Be6 14. Rc1 Bd7
15. Re1 Rc8 16. a3 Na5 17. Ba2 c5 18. e5 Be6 19. exd6 Bxd5 20. Bxd5 c4 21. Ne5
Qxd6 22. Bxf7+ Rxf7 23. Nxf7 Qxd4 24. Nd6 Rf8 25. Ne4 b5 26. Rc2 Nb3 27. Qg4
Qe5 28. Kh1 Nd4 29. Rc3 1/2-1/2

[Event "Villa Martelli Pro Am op 15th"]
[Site "Villa Martelli"]
[Date "2008.10.15"]
[Round "6"]
[White "Rodriguez Vila, Andres"]
[Black "Cubas, Jose Fernando"]
[Result "1-0"]
[WhiteElo "2508"]
[BlackElo "2433"]
[PlyCount "55"]
[EventDate "2008.10.10"]
[EventType "swiss"]
[EventRounds "9"]
[EventCountry "ARG"]
[SourceTitle "CBM 126 Extra"]
[Source "ChessBase"]
[SourceDate "2008.11.05"]
[SourceVersion "1"]
[SourceVersionDate "2008.11.05"]
[SourceQuality "1"]

1. e4 e6 2. d4 d5 3. exd5 exd5 4. Bd3 Nc6 5. c3 Bd6 6. Qf3 Be6 7. Ne2 Qd7 8.
Bf4 Nge7 9. Bxd6 Qxd6 10. Na3 O-O-O 11. O-O h5 12. Nc2 Bg4 13. Qf4 Bxe2 14.
Qxd6 Rxd6 15. Bxe2 g6 16. Bd3 Re6 17. f4 f5 18. Rae1 Nd8 19. c4 Kd7 20. Nb4
Rxe1 21. Rxe1 Ne6 22. cxd5 Nxf4 23. Bc4 Kd6 24. Re5 h4 25. g3 Nh3+ 26. Kg2 Ng5
27. Nd3 hxg3 28. hxg3 1-0

[Event "Villa Martelli Pro Am op 15th"]
[Site "Villa Martelli"]
[Date "2008.10.16"]
[Round "7"]
[White "Cubas, Jose Fernando"]
[Black "Sola, Ruben"]
[Result "1/2-1/2"]
[WhiteElo "2433"]
[BlackElo "2338"]
[PlyCount "100"]
[EventDate "2008.10.10"]
[EventType "swiss"]
[EventRounds "9"]
[EventCountry "ARG"]
[SourceTitle "CBM 126 Extra"]
[Source "ChessBase"]
[SourceDate "2008.11.05"]
[SourceVersion "1"]
[SourceVersionDate "2008.11.05"]
[SourceQuality "1"]

1. e4 c5 2. Nf3 Nc6 3. d4 cxd4 4. Nxd4 e5 5. Nb5 d6 6. N1c3 a6 7. Na3 Be7 8.
Nc4 Be6 9. a4 Nf6 10. Be3 O-O 11. Nb6 Nxe4 12. Nxe4 f5 13. Nxa8 fxe4 14. Nb6 d5
15. Nxd5 Bxd5 16. Be2 Nd4 17. O-O Nxe2+ 18. Qxe2 Qc8 19. Rfd1 Qe6 20. Rxd5 Qxd5
21. Rd1 Qc6 22. b3 Rd8 23. Rxd8+ Bxd8 24. Qd1 Bf6 25. c4 Kf8 26. c5 Ke7 27. h3
Qd7 28. Qh5 h6 29. Kh2 Qd3 30. Qf5 Qxb3 31. Qxe4 Kf8 32. Bd2 Kg8 33. Bb4 Qf7
34. c6 bxc6 35. Qxc6 Qb3 36. Bd2 Qa2 37. Be3 Qe2 38. Kg3 Kf7 39. Qd7+ Kg6 40.
Qd5 h5 41. Qe6 h4+ 42. Kh2 Qd3 43. Qg4+ Kf7 44. a5 Qb5 45. Qh5+ Kg8 46. Bb6 Qc4
47. Qe8+ Kh7 48. Qh5+ Kg8 49. Qe8+ Kh7 50. Qh5+ Kg8 1/2-1/2

[Event "Villa Martelli Pro Am op 15th"]
[Site "Villa Martelli"]
[Date "2008.10.17"]
[Round "8"]
[White "Flores, Diego"]
[Black "Cubas, Jose Fernando"]
[Result "1-0"]
[WhiteElo "2569"]
[BlackElo "2433"]
[PlyCount "109"]
[EventDate "2008.10.10"]
[EventType "swiss"]
[EventRounds "9"]
[EventCountry "ARG"]
[SourceTitle "CBM 126 Extra"]
[Source "ChessBase"]
[SourceDate "2008.11.05"]
[SourceVersion "1"]
[SourceVersionDate "2008.11.05"]
[SourceQuality "1"]

1. Nf3 d5 2. c4 c6 3. e3 Nf6 4. Nc3 a6 5. a4 e6 6. d4 c5 7. Bd3 Nc6 8. O-O Be7
9. Re1 dxc4 10. Bxc4 O-O 11. Ne5 Bd7 12. Nxd7 Qxd7 13. d5 exd5 14. Nxd5 Rad8
15. e4 Nxd5 16. exd5 Bf6 17. Ra3 Ne5 18. Ba2 c4 19. Rh3 Qxd5 20. Qh5 h6 21.
Bxh6 g6 22. Rg3 Rfe8 23. Rf1 b5 24. Bb1 Bg7 25. Qh4 Qd1 26. Bxg7 Kxg7 27. Rh3
Qd4 28. Qh6+ Kf6 29. Rh5 Ng4 30. Rf5+ Ke6 31. Qg5 gxf5 32. Bxf5+ Kd6 33. Bxg4
Rg8 34. Qh6+ Rg6 35. Qh4 Kc5 36. Qe7+ Rgd6 37. Bf3 R8d7 38. Qg5+ Kb4 39. axb5
axb5 40. Qc1 Qd2 41. Qa1 Rd3 42. Qa6 Qxb2 43. Bc6 Rd1 44. Qxb5+ Kc3 45. Qe5+
Kb3 46. Ba4+ Ka3 47. Qxb2+ Kxb2 48. Rxd1 Ra7 49. Bd7 Kc2 50. Bg4 f5 51. Be2 c3
52. Kf1 Kb2 53. Bd3 Rd7 54. Rb1+ Ka2 55. Bxf5 1-0

[Event "Villa Martelli Pro Am op 15th"]
[Site "Villa Martelli"]
[Date "2008.10.18"]
[Round "9"]
[White "Cubas, Jose Fernando"]
[Black "Cerda, Guillermo"]
[Result "1-0"]
[WhiteElo "2433"]
[BlackElo "2242"]
[PlyCount "97"]
[EventDate "2008.10.10"]
[EventType "swiss"]
[EventRounds "9"]
[EventCountry "ARG"]
[SourceTitle "CBM 126 Extra"]
[Source "ChessBase"]
[SourceDate "2008.11.05"]
[SourceVersion "1"]
[SourceVersionDate "2008.11.05"]
[SourceQuality "1"]

1. e4 c5 2. Nf3 d6 3. d4 cxd4 4. Nxd4 Nf6 5. Nc3 Nc6 6. Be2 e5 7. Nf3 Be7 8.
Bg5 Be6 9. O-O h6 10. Bxf6 Bxf6 11. Nd5 Bxd5 12. Qxd5 O-O 13. c3 Qb6 14. Qb3
Qxb3 15. axb3 Rfd8 16. Rfd1 a6 17. Bc4 Ne7 18. b4 Rac8 19. Bb3 Rc7 20. Nd2 d5
21. exd5 Nf5 22. Ne4 Be7 23. Re1 Kf8 24. Rad1 h5 25. Rd2 g6 26. Rde2 b6 27. Nd2
a5 28. bxa5 bxa5 29. Rxe5 Rb8 30. R5e2 Bd6 31. g3 Rc5 32. Kg2 Rcb5 33. Re8+ Kg7
34. Rxb8 Rxb8 35. Ra1 Bc7 36. Ra2 Nd6 37. Ba4 Bb6 38. Bc6 Bd8 39. Kf1 f5 40.
Ke2 Bg5 41. f4 Bf6 42. Kd3 h4 43. gxh4 Bxh4 44. Rxa5 Rxb2 45. Ra7+ Kf8 46. Rd7
Ne4 47. Nxe4 fxe4+ 48. Kxe4 Re2+ 49. Kd3 1-0

[Event "Buenos Aires PDV Cup 1st"]
[Site "Buenos Aires"]
[Date "2008.11.30"]
[Round "1"]
[White "Cubas, Jose Fernando"]
[Black "Iregui, Victor"]
[Result "1-0"]
[WhiteElo "2433"]
[BlackElo "2026"]
[PlyCount "81"]
[EventDate "2008.11.30"]
[EventType "swiss"]
[EventRounds "9"]
[EventCountry "ARG"]
[SourceTitle "CBM 127 Extra"]
[Source "ChessBase"]
[SourceDate "2009.01.08"]
[SourceVersion "2"]
[SourceVersionDate "2009.01.28"]
[SourceQuality "1"]

1. e4 c5 2. Nf3 Nc6 3. d4 cxd4 4. Nxd4 Nf6 5. Nc3 e5 6. Ndb5 d6 7. Bg5 a6 8.
Na3 Be6 9. Nc4 Rc8 10. Ne3 Be7 11. Bxf6 Bxf6 12. Ncd5 Bg5 13. c3 Bxe3 14. Nxe3
Ne7 15. Be2 O-O 16. Bf3 b5 17. O-O Qb6 18. Qd2 a5 19. a4 Rb8 20. axb5 Qxb5 21.
Qxd6 Ng6 22. Qa3 a4 23. Qxa4 Qxb2 24. Rac1 Bb3 25. Qa1 Qxa1 26. Rxa1 Rbc8 27.
Rfc1 Bc4 28. Ra4 Bd3 29. g3 Bb5 30. Ra5 Bc6 31. c4 Rfd8 32. h4 f6 33. Ra7 Kf8
34. Nd5 Bxd5 35. exd5 Ne7 36. Rb1 Rb8 37. Rxb8 Rxb8 38. c5 f5 39. d6 Nc8 40.
Rc7 e4 41. Be2 1-0

[Event "Buenos Aires PDV Cup 1st"]
[Site "Buenos Aires"]
[Date "2008.12.01"]
[Round "2"]
[White "Juarez, Carlos Eleodoro"]
[Black "Cubas, Jose Fernando"]
[Result "0-1"]
[WhiteElo "2142"]
[BlackElo "2433"]
[PlyCount "28"]
[EventDate "2008.11.30"]
[EventType "swiss"]
[EventRounds "9"]
[EventCountry "ARG"]
[SourceTitle "CBM 127 Extra"]
[Source "ChessBase"]
[SourceDate "2009.01.08"]
[SourceVersion "2"]
[SourceVersionDate "2009.01.28"]
[SourceQuality "1"]

1. e4 c5 2. Nf3 d6 3. d4 cxd4 4. Nxd4 Nf6 5. Nc3 g6 6. Be3 Bg7 7. f3 Nc6 8. Qd2
O-O 9. Bc4 Nd7 10. O-O-O Nb6 11. Bb3 Na5 12. Bh6 Nac4 13. Qg5 e5 14. Nde2 Bf6
0-1

[Event "Buenos Aires PDV Cup 1st"]
[Site "Buenos Aires"]
[Date "2008.12.04"]
[Round "5"]
[White "Cubas, Jose Fernando"]
[Black "Sanchez, Fernando"]
[Result "1-0"]
[WhiteElo "2433"]
[BlackElo "2208"]
[PlyCount "61"]
[EventDate "2008.11.30"]
[EventType "swiss"]
[EventRounds "9"]
[EventCountry "ARG"]
[SourceTitle "CBM 127 Extra"]
[Source "ChessBase"]
[SourceDate "2009.01.08"]
[SourceVersion "2"]
[SourceVersionDate "2009.01.28"]
[SourceQuality "1"]

1. e4 d5 2. exd5 Qxd5 3. Nc3 Qa5 4. d4 Nf6 5. Nf3 Bf5 6. Bc4 c6 7. Bd2 e6 8.
Nd5 Qd8 9. Nxf6+ Qxf6 10. Qe2 Bg4 11. d5 Bxf3 12. gxf3 cxd5 13. Bxd5 Nd7 14.
O-O-O O-O-O 15. Be4 Qe5 16. Bc3 Qc7 17. Kb1 f6 18. f4 Bc5 19. f5 exf5 20. Bxf5
Kb8 21. f3 Nb6 22. Rxd8+ Rxd8 23. Rd1 Nd5 24. Be1 Qb6 25. Bxh7 Bd4 26. c4 Bxb2
27. c5 Qxc5 28. Kxb2 Rd6 29. Bg3 Qc3+ 30. Kb1 Qb4+ 31. Ka1 1-0

[Event "Buenos Aires PDV Cup 1st"]
[Site "Buenos Aires"]
[Date "2008.12.06"]
[Round "6"]
[White "Mayorga, Nicolas"]
[Black "Cubas, Jose Fernando"]
[Result "1-0"]
[WhiteElo "2274"]
[BlackElo "2433"]
[PlyCount "49"]
[EventDate "2008.11.30"]
[EventType "swiss"]
[EventRounds "9"]
[EventCountry "ARG"]
[SourceTitle "CBM 127 Extra"]
[Source "ChessBase"]
[SourceDate "2009.01.08"]
[SourceVersion "2"]
[SourceVersionDate "2009.01.28"]
[SourceQuality "1"]

1. d4 d5 2. c4 c6 3. Nf3 Nf6 4. Nc3 dxc4 5. a4 Na6 6. e4 Bg4 7. Bxc4 e6 8. O-O
Bxf3 9. Qxf3 Qxd4 10. Bxa6 bxa6 11. Rd1 Qb4 12. Bg5 Be7 13. Bxf6 Bxf6 14. e5
O-O 15. exf6 Qxb2 16. Qg3 g6 17. Qe3 Kh8 18. Qh6 Rg8 19. Ne4 g5 20. Nxg5 Rxg5
21. Qxg5 Rg8 22. Qh6 c5 23. g3 c4 24. Rab1 Qc2 25. Qg7+ 1-0

[Event "Ciutadella Pons Memorial"]
[Site "Ciutadella"]
[Date "2008.12.27"]
[Round "1"]
[White "Cubas Pons, Juan Miguel"]
[Black "Karim, Ismael"]
[Result "0-1"]
[WhiteElo "2240"]
[BlackElo "2392"]
[PlyCount "36"]
[EventDate "2008.12.27"]
[EventType "tourn"]
[EventRounds "9"]
[EventCountry "ESP"]
[EventCategory "3"]
[SourceTitle "CBM 128 Extra"]
[Source "ChessBase"]
[SourceDate "2009.03.05"]
[SourceVersion "2"]
[SourceVersionDate "2009.03.25"]
[SourceQuality "1"]

1. d4 d5 2. Nf3 Nf6 3. c4 c6 4. e3 e6 5. Nc3 Nbd7 6. Bd3 dxc4 7. Bxc4 b5 8. Bd3
Bd6 9. O-O O-O 10. e4 e5 11. Bg5 a6 12. a4 exd4 13. Nxd4 Ne5 14. axb5 Nxd3 15.
Bxf6 Qxf6 16. Qxd3 Rd8 17. f4 Bc5 18. e5 Rxd4 0-1

[Event "Ciutadella Pons Memorial"]
[Site "Ciutadella"]
[Date "2008.12.28"]
[Round "2"]
[White "Pons Carreras, David"]
[Black "Cubas Pons, Juan Miguel"]
[Result "1/2-1/2"]
[WhiteElo "2288"]
[BlackElo "2240"]
[PlyCount "82"]
[EventDate "2008.12.27"]
[EventType "tourn"]
[EventRounds "9"]
[EventCountry "ESP"]
[EventCategory "3"]
[SourceTitle "CBM 128 Extra"]
[Source "ChessBase"]
[SourceDate "2009.03.05"]
[SourceVersion "2"]
[SourceVersionDate "2009.03.25"]
[SourceQuality "1"]

1. Nf3 d5 2. d4 c6 3. c4 e6 4. Qc2 Nf6 5. g3 Bb4+ 6. Bd2 Qe7 7. Bg2 Nbd7 8. O-O
Bxd2 9. Nbxd2 O-O 10. e4 dxe4 11. Nxe4 Nxe4 12. Qxe4 Nf6 13. Qe2 Rd8 14. Rad1
Bd7 15. Ne5 Be8 16. c5 Nd5 17. Nc4 b5 18. Nd6 Nf6 19. f4 Qc7 20. f5 Bd7 21. Bh3
exf5 22. Bxf5 Bxf5 23. Rxf5 Rxd6 24. cxd6 Qxd6 25. a3 a5 26. Re5 a4 27. Qe1 Rd8
28. Qc3 Nd7 29. Re2 Nb6 30. Rde1 h6 31. Re8+ Kh7 32. Qc2+ g6 33. Rxd8 Qxd8 34.
Qc5 Nc4 35. Re2 Kg8 36. Kg2 Qd7 37. h3 h5 38. Kh2 Kg7 39. Re7 Qd8 40. Re2 Qd7
41. Re7 Qd8 1/2-1/2

[Event "Ciutadella Pons Memorial"]
[Site "Ciutadella"]
[Date "2008.12.29"]
[Round "3"]
[White "Cubas Pons, Juan Miguel"]
[Black "Alonso Garcia, Rene Marcial"]
[Result "0-1"]
[WhiteElo "2240"]
[BlackElo "2368"]
[PlyCount "86"]
[EventDate "2008.12.27"]
[EventType "tourn"]
[EventRounds "9"]
[EventCountry "ESP"]
[EventCategory "3"]
[SourceTitle "CBM 128 Extra"]
[Source "ChessBase"]
[SourceDate "2009.03.05"]
[SourceVersion "2"]
[SourceVersionDate "2009.03.25"]
[SourceQuality "1"]

1. d4 Nf6 2. Nf3 d5 3. c4 e6 4. Nc3 Bb4 5. Qb3 a5 6. a3 Be7 7. Bg5 c6 8. e3
Nbd7 9. Rc1 O-O 10. Bd3 dxc4 11. Qxc4 Nd5 12. Bxe7 Qxe7 13. O-O Re8 14. Rfd1
N5f6 15. e4 e5 16. d5 Nc5 17. Bb1 Qf8 18. dxc6 bxc6 19. b4 axb4 20. axb4 Na6
21. Qxc6 Bg4 22. b5 Bxf3 23. gxf3 Re6 24. Qc4 Rc8 25. Qe2 Nb4 26. Nd5 Nbxd5 27.
Rxc8 Qxc8 28. exd5 Rb6 29. d6 Qe8 30. Qc4 Qd7 31. Qc7 Rb7 32. Rc1 g6 33. b6 Nd5
34. Be4 Rxc7 35. bxc7 Nb6 36. Bb7 Qxd6 37. Rc6 Qd7 38. Rxb6 Qxc7 39. Rb3 Qd6
40. Rb1 Kg7 41. Kg2 h5 42. h3 Kh6 43. Re1 Qb4 0-1

[Event "Ciutadella Pons Memorial"]
[Site "Ciutadella"]
[Date "2008.12.29"]
[Round "4"]
[White "Movsziszian, Karen"]
[Black "Cubas Pons, Juan Miguel"]
[Result "1-0"]
[WhiteElo "2558"]
[BlackElo "2240"]
[PlyCount "29"]
[EventDate "2008.12.27"]
[EventType "tourn"]
[EventRounds "9"]
[EventCountry "ESP"]
[EventCategory "3"]
[SourceTitle "CBM 128 Extra"]
[Source "ChessBase"]
[SourceDate "2009.03.05"]
[SourceVersion "2"]
[SourceVersionDate "2009.03.25"]
[SourceQuality "1"]

1. e4 e5 2. Nf3 Nc6 3. Bb5 a6 4. Ba4 Nf6 5. d3 Bc5 6. O-O d6 7. d4 exd4 8. Nxd4
Bg4 9. Nxc6 bxc6 10. Bxc6+ Kf8 11. Qd3 Rb8 12. Nc3 Rb6 13. Ba4 h6 14. Bb3 g6
15. Na4 1-0

[Event "Ciutadella Pons Memorial"]
[Site "Ciutadella"]
[Date "2008.12.30"]
[Round "5"]
[White "Cubas Pons, Juan Miguel"]
[Black "Mercadal Benejam, Josep"]
[Result "1-0"]
[WhiteElo "2240"]
[BlackElo "2140"]
[PlyCount "101"]
[EventDate "2008.12.27"]
[EventType "tourn"]
[EventRounds "9"]
[EventCountry "ESP"]
[EventCategory "3"]
[SourceTitle "CBM 128 Extra"]
[Source "ChessBase"]
[SourceDate "2009.03.05"]
[SourceVersion "2"]
[SourceVersionDate "2009.03.25"]
[SourceQuality "1"]

1. d4 d5 2. Nf3 Nf6 3. c4 c6 4. Nc3 dxc4 5. a4 Na6 6. e3 Bf5 7. Bxc4 Nb4 8. O-O
e6 9. Qe2 Be7 10. e4 Bg4 11. Be3 O-O 12. Rfd1 Qa5 13. e5 Nfd5 14. Bd2 Qb6 15.
Bc1 Rad8 16. a5 Qc7 17. Ne4 h6 18. Ng3 c5 19. Ra3 cxd4 20. Rxd4 Bxf3 21. Rxf3
Nc6 22. Re4 Nxa5 23. Bxh6 gxh6 24. Nf1 Bg5 25. Rg3 f5 26. exf6 Rxf6 27. h4 Rdf8
28. hxg5 Rxf2 29. Qg4 R2f4 30. Qxe6+ Qf7 31. gxh6+ Kh8 32. Qe5+ Qf6 33. Qxd5
Rxf1+ 34. Bxf1 Qxf1+ 35. Kh2 Qf5 36. Rg8+ Kh7 37. Re7+ Kxh6 38. Qxf5 Rxf5 39.
Re3 Kh7 40. Rg4 Rh5+ 41. Kg1 Nc6 42. Rb3 b5 43. Rc3 Rh6 44. Rc5 a6 45. Rd5 Ne7
46. Rdg5 Re6 47. Rh5+ Rh6 48. Rxh6+ Kxh6 49. Re4 Nd5 50. Re6+ Kg5 51. Re5+ 1-0

[Event "Ciutadella Pons Memorial"]
[Site "Ciutadella"]
[Date "2008.12.31"]
[Round "6"]
[White "Lopez, Jordi"]
[Black "Cubas Pons, Juan Miguel"]
[Result "0-1"]
[WhiteElo "2301"]
[BlackElo "2240"]
[PlyCount "154"]
[EventDate "2008.12.27"]
[EventType "tourn"]
[EventRounds "9"]
[EventCountry "ESP"]
[EventCategory "3"]
[SourceTitle "CBM 128 Extra"]
[Source "ChessBase"]
[SourceDate "2009.03.05"]
[SourceVersion "2"]
[SourceVersionDate "2009.03.25"]
[SourceQuality "1"]

1. d4 d5 2. Nf3 c6 3. c4 e6 4. Qc2 Nf6 5. g3 dxc4 6. Qxc4 b5 7. Qd3 Bb7 8. Bg2
Qb6 9. Nc3 Nbd7 10. O-O Be7 11. Be3 Nd5 12. Nxd5 cxd5 13. Ne5 Nxe5 14. dxe5 Qa5
15. Rfc1 O-O 16. Bc5 Bxc5 17. Rxc5 Ba6 18. e4 Rac8 19. Rxc8 Rxc8 20. exd5 b4
21. Qd2 exd5 22. Qxd5 Qxd5 23. Bxd5 Rc2 24. a3 b3 25. Bxb3 Rxb2 26. Rd1 Kf8 27.
Bd5 Ke7 28. Rc1 Rd2 29. Bb3 Rb2 30. Rc3 g5 31. h3 Be2 32. f4 g4 33. hxg4 Bxg4
34. Bd5 Rd2 35. Be4 h5 36. Rc7+ Kf8 37. Rxa7 Rd4 38. Bc2 h4 39. Bb3 Rd3 40.
Rxf7+ Ke8 41. gxh4 Rxb3 42. Rg7 Be6 43. Rg6 Bf7 44. Ra6 Rg3+ 45. Kf2 Rg4 46.
Ke3 Rxh4 47. f5 Bd5 48. e6 Re4+ 49. Kd3 Rf4 50. Rd6 Rxf5 51. Kd4 Bb3 52. Rb6
Ba2 53. Ke4 Ra5 54. a4 Ke7 55. Rb5 Rxa4+ 56. Ke5 Bxe6 57. Rb7+ Bd7 58. Rb2 Ra5+
59. Kd4 Kd6 60. Rb1 Ra4+ 61. Kc3 Kc5 62. Rh1 Ra3+ 63. Kb2 Rg3 64. Rh4 Be6 65.
Kc2 Kd5 66. Kb2 Bf5 67. Ra4 Rg2+ 68. Kc3 Rc2+ 69. Kb3 Rc5 70. Rh4 Rc8 71. Rh2
Kd4 72. Rh6 Rb8+ 73. Ka2 Kc3 74. Rc6+ Kd4 75. Rh6 Bd3 76. Rh5 Kc3 77. Ra5 Bc4+
0-1

[Event "Ciutadella Pons Memorial"]
[Site "Ciutadella"]
[Date "2009.01.02"]
[Round "7"]
[White "Cubas Pons, Juan Miguel"]
[Black "Pons Sastre, Santiago"]
[Result "0-1"]
[WhiteElo "2240"]
[BlackElo "2378"]
[PlyCount "42"]
[EventDate "2008.12.27"]
[EventType "tourn"]
[EventRounds "9"]
[EventCountry "ESP"]
[EventCategory "3"]
[SourceTitle "CBM 128 Extra"]
[Source "ChessBase"]
[SourceDate "2009.03.05"]
[SourceVersion "2"]
[SourceVersionDate "2009.03.25"]
[SourceQuality "1"]

1. d4 d5 2. Nf3 Nf6 3. c4 dxc4 4. Nc3 c5 5. d5 e6 6. e4 exd5 7. e5 Nfd7 8. Bg5
Be7 9. Bxe7 Qxe7 10. Nxd5 Qd8 11. Qc2 Nb6 12. Nxb6 axb6 13. Bxc4 Nc6 14. O-O
Bg4 15. Qe4 Bxf3 16. Qxf3 O-O 17. Rfe1 Qd4 18. Re4 Qxb2 19. Rae1 Rad8 20. Rg4
Nxe5 21. Qf6 Nxc4 0-1